|
|
|
|
| LEADER |
01984nam a2200457 i 4500 |
| 001 |
EBC4591988 |
| 003 |
MiAaPQ |
| 005 |
20200520144314.0 |
| 006 |
m o d | |
| 007 |
cr cnu|||||||| |
| 008 |
160812t20122012at a ob 001 0 eng d |
| 020 |
|
|
|z 9781921862793
|
| 020 |
|
|
|a 9781921862809
|q (electronic bk.)
|
| 035 |
|
|
|a (MiAaPQ)EBC4591988
|
| 035 |
|
|
|a (Au-PeEL)EBL4591988
|
| 035 |
|
|
|a (CaPaEBR)ebr11236165
|
| 035 |
|
|
|a (OCoLC)794448804
|
| 040 |
|
|
|a MiAaPQ
|b eng
|e rda
|e pn
|c MiAaPQ
|d MiAaPQ
|
| 043 |
|
|
|a a-cc---
|
| 050 |
|
4 |
|a HC427
|b .R433 2012
|
| 082 |
0 |
|
|a 330.951
|2 23
|
| 245 |
0 |
0 |
|a Rebalancing and sustaining growth in China /
|c Huw McKay and Ligang Song (eds).
|
| 264 |
|
1 |
|a Canberra, Australia :
|b ANU E Press :
|b Social Sciences Academic Press (China),
|c 2012.
|
| 264 |
|
4 |
|c 2012
|
| 300 |
|
|
|a 1 online resource (386 pages) :
|b illustrations, tables, graphs.
|
| 336 |
|
|
|a text
|2 rdacontent
|
| 337 |
|
|
|a computer
|2 rdamedia
|
| 338 |
|
|
|a online resource
|2 rdacarrier
|
| 490 |
1 |
|
|a China Update Book Series
|
| 504 |
|
|
|a Includes bibliographical references at the end of each chapters and index.
|
| 588 |
|
|
|a Description based on online resource; title from PDF title page (ebrary, viewed July 28, 2016).
|
| 590 |
|
|
|a Electronic reproduction. Ann Arbor, MI : ProQuest, 2016. Available via World Wide Web. Access may be limited to ProQuest affiliated libraries.
|
| 651 |
|
0 |
|a China
|x Economic conditions.
|
| 651 |
|
0 |
|a China
|x Economic policy.
|
| 655 |
|
4 |
|a Electronic books.
|
| 700 |
1 |
|
|a McKay, Huw,
|e editor.
|
| 700 |
1 |
|
|a Song, Ligang,
|e editor.
|
| 776 |
0 |
8 |
|i Print version:
|t Rebalancing and sustaining growth in China.
|d Canberra, Australia : ANU E Press : Social Sciences Academic Press (China), c2012
|h xxi, 364 pages
|k China Update Book Series
|z 9781921862793
|
| 797 |
2 |
|
|a ProQuest (Firm)
|
| 830 |
|
0 |
|a "Zhongguo jing ji qian yan" cong shu.
|
| 856 |
4 |
0 |
|u https://ebookcentral.proquest.com/lib/matrademy/detail.action?docID=4591988
|z Click to View
|